<?xml version="1.0" encoding="UTF-8"?>
<record
    xmlns:xsi="http://www.w3.org/2001/XMLSchema-instance"
    xsi:schemaLocation="http://www.loc.gov/MARC21/slim http://www.loc.gov/standards/marcxml/schema/MARC21slim.xsd"
    xmlns="http://www.loc.gov/MARC21/slim">

  <leader>01232nam a22002417a 4500</leader>
  <controlfield tag="005">20240530110335.0</controlfield>
  <controlfield tag="008">140906s2008    ua     gr     000 0 ara d</controlfield>
  <datafield tag="017" ind1=" " ind2=" ">
    <subfield code="a">2905/2008</subfield>
    <subfield code="b">&#x627;&#x644;&#x642;&#x627;&#x647;&#x631;&#x629; : &#x62F;&#x627;&#x631; &#x627;&#x644;&#x643;&#x62A;&#x628; &#x627;&#x644;&#x645;&#x635;&#x631;&#x64A;&#x629;</subfield>
  </datafield>
  <datafield tag="020" ind1=" " ind2=" ">
    <subfield code="a">9774376021</subfield>
  </datafield>
  <datafield tag="040" ind1=" " ind2=" ">
    <subfield code="a">EG-CaGPL</subfield>
  </datafield>
  <datafield tag="082" ind1="0" ind2="4">
    <subfield code="2">21</subfield>
    <subfield code="a">932</subfield>
    <subfield code="b">&#x642;/&#x631; &#x631;</subfield>
  </datafield>
  <datafield tag="100" ind1="0" ind2="0">
    <subfield code="a">&#x631;&#x645;&#x636;&#x627;&#x646; &#x639;&#x628;&#x62F;&#x647; &#x639;&#x644;&#x649;</subfield>
  </datafield>
  <datafield tag="245" ind1="1" ind2="0">
    <subfield code="a">&#x631;&#x624;&#x649; &#x62C;&#x62F;&#x64A;&#x62F;&#x629; &#x641;&#x649; &#x62A;&#x627;&#x631;&#x64A;&#x62E; &#x645;&#x635;&#x631; &#x627;&#x644;&#x642;&#x62F;&#x64A;&#x645;&#x629; &#x645;&#x646;&#x630; &#x627;&#x642;&#x62F;&#x645; &#x627;&#x644;&#x639;&#x635;&#x648;&#x631; &#x62D;&#x62A;&#x649; &#x646;&#x647;&#x627;&#x64A;&#x629; &#x639;&#x635;&#x648;&#x631; &#x627;&#x644;&#x627;&#x633;&#x631;&#x627;&#x62A; &#x627;&#x644;&#x648;&#x637;&#x646;&#x64A;&#x629; :</subfield>
    <subfield code="b">&#x62C; 3 &#x645;&#x646; &#x628;&#x62F;&#x627;&#x64A;&#x629; &#x627;&#x644;&#x627;&#x633;&#x631;&#x629; &#x627;&#x644;&#x62E;&#x627;&#x645;&#x633;&#x629; &#x639;&#x634;&#x631;&#x629; &#x62D;&#x62A;&#x649; &#x646;&#x647;&#x627;&#x64A;&#x629; &#x627;&#x644;&#x627;&#x633;&#x631;&#x629; &#x627;&#x644;&#x62B;&#x627;&#x645;&#x646;&#x629; &#x639;&#x634;&#x631;&#x629; /</subfield>
    <subfield code="c">&#x62A;&#x642;&#x62F;&#x64A;&#x645; &#x632;&#x627;&#x647;&#x649; &#x62D;&#x648;&#x627;&#x633; &#x61B; &#x62A;&#x627;&#x644;&#x64A;&#x641; &#x631;&#x645;&#x636;&#x627;&#x646; &#x639;&#x628;&#x62F;&#x647; &#x639;&#x644;&#x649; </subfield>
  </datafield>
  <datafield tag="250" ind1=" " ind2=" ">
    <subfield code="a">&#x637; 1</subfield>
  </datafield>
  <datafield tag="260" ind1=" " ind2=" ">
    <subfield code="a">&#x627;&#x644;&#x642;&#x627;&#x647;&#x631;&#x629; :</subfield>
    <subfield code="b">&#x627;&#x644;&#x645;&#x62C;&#x644;&#x633; &#x627;&#x644;&#x627;&#x639;&#x644;&#x649; &#x644;&#x644;&#x627;&#x62B;&#x627;&#x631; &#x60C;</subfield>
    <subfield code="c">2008</subfield>
  </datafield>
  <datafield tag="300" ind1=" " ind2=" ">
    <subfield code="a">360 &#x635; &#x61B;</subfield>
    <subfield code="c">24 &#x633;&#x645;</subfield>
  </datafield>
  <datafield tag="490" ind1=" " ind2=" ">
    <subfield code="a">&#x646;&#x62D;&#x648; &#x648;&#x639;&#x649; &#x62D;&#x636;&#x627;&#x631;&#x649; &#x645;&#x639;&#x627;&#x635;&#x631;</subfield>
  </datafield>
  <datafield tag="490" ind1=" " ind2=" ">
    <subfield code="a">&#x633;&#x644;&#x633;&#x644;&#x629; &#x627;&#x644;&#x62B;&#x642;&#x627;&#x641;&#x629; &#x627;&#x644;&#x627;&#x62B;&#x631;&#x64A;&#x629; &#x648;&#x627;&#x644;&#x62A;&#x627;&#x631;&#x64A;&#x62E;&#x64A;&#x629; : &#x645;&#x634;&#x631;&#x648;&#x639; &#x627;&#x644;&#x645;&#x626;&#x629; &#x643;&#x62A;&#x627;&#x628; </subfield>
    <subfield code="v">54</subfield>
  </datafield>
  <datafield tag="651" ind1="0" ind2="7">
    <subfield code="a">&#x645;&#x635;&#x631; &#x627;&#x644;&#x642;&#x62F;&#x64A;&#x645;&#x629; </subfield>
    <subfield code="x">&#x62A;&#x627;&#x631;&#x64A;&#x62E;</subfield>
  </datafield>
  <datafield tag="651" ind1="0" ind2="7">
    <subfield code="a">&#x645;&#x635;&#x631;</subfield>
    <subfield code="x">&#x62A;&#x627;&#x631;&#x64A;&#x62E;</subfield>
    <subfield code="y">&#x639;&#x635;&#x631; &#x627;&#x644;&#x627;&#x633;&#x631;&#x629; &#x627;&#x644;&#x62E;&#x627;&#x645;&#x633;&#x629; &#x639;&#x634;&#x631;&#x629;</subfield>
  </datafield>
  <datafield tag="651" ind1="0" ind2="7">
    <subfield code="a">&#x645;&#x635;&#x631;</subfield>
    <subfield code="x">&#x62A;&#x627;&#x631;&#x64A;&#x62E;</subfield>
    <subfield code="y">&#x639;&#x635;&#x631; &#x627;&#x644;&#x627;&#x633;&#x631;&#x629; &#x627;&#x644;&#x62B;&#x627;&#x645;&#x646;&#x629; &#x639;&#x634;&#x631;&#x629;</subfield>
  </datafield>
  <datafield tag="942" ind1=" " ind2=" ">
    <subfield code="2">ddc</subfield>
    <subfield code="c">BK</subfield>
  </datafield>
  <datafield tag="999" ind1=" " ind2=" ">
    <subfield code="c">59771</subfield>
    <subfield code="d">59771</subfield>
  </datafield>
  <datafield tag="952" ind1=" " ind2=" ">
    <subfield code="0">0</subfield>
    <subfield code="1">0</subfield>
    <subfield code="4">0</subfield>
    <subfield code="7">0</subfield>
    <subfield code="a">CAI</subfield>
    <subfield code="b">CAI</subfield>
    <subfield code="d">2014-09-06</subfield>
    <subfield code="l">0</subfield>
    <subfield code="o">932 &#x642;/&#x631; &#x631;</subfield>
    <subfield code="p">158691</subfield>
    <subfield code="r">2014-09-06 00:00:00</subfield>
    <subfield code="w">2014-09-06</subfield>
    <subfield code="y">BK</subfield>
  </datafield>
</record>
